Los derechos humanos. Antología
Guardat en:
| Autor principal: | |
|---|---|
| Altres autors: | |
| Format: | Llibre |
| Publicat: |
Salamanca, España:
San Esteban,
2003.
|
| Edició: | 2.ª edición |
| Col·lecció: | Biblioteca Dominicana
|
| Matèries: | |
| Etiquetes: |
Afegir etiqueta
Sense etiquetes, Sigues el primer a etiquetar aquest registre!
|
MARC
| LEADER | 00000nam a22000007a 4500 | ||
|---|---|---|---|
| 003 | CL-VaPUC | ||
| 005 | 20230126084946.0 | ||
| 008 | 220714t2003 ||||| |||| 00| 0 eng d | ||
| 999 | |c 437029 |d 437027 | ||
| 020 | |a 84-8260-126-1 | ||
| 040 | |c Pontificia Universidad Católica de Valparaíso | ||
| 082 | 7 | |a 341.481 VIT 2003 |2 22 | |
| 100 | 1 | |a Vitoria, Francisco de |e autor |9 255729 | |
| 245 | |a Los derechos humanos. |b Antología | ||
| 250 | |a 2.ª edición | ||
| 260 | |a Salamanca, España: |b San Esteban, |c 2003. | ||
| 300 | |a 262 páginas. | ||
| 490 | |a Biblioteca Dominicana |n 4. | ||
| 583 | |c 20220714 |k Catalogador Asistente | ||
| 600 | 0 | |a Vitoria, Francisco de, |d 1486-1546 |9 519881 | |
| 650 | |a Derechos humanos |9 223025 | ||
| 700 | |a Hernández, Ramón |e edición e introducción |9 872904 | ||
| 942 | |2 ddc |c BK | ||
| 952 | |0 0 |1 0 |2 ddc |4 0 |5 1 |6 341_481000000000000_VIT_2003 |7 1 |8 C_AGB |9 584768 |a BIBDER |b BIBDER |d 2022-07-14 |e Donación |i 5652922 |o 341.481 VIT 2003 |p 5652922 |r 2023-01-25 |t 1 |w 2022-07-14 |y BK_US |k AGB | ||